Countries Most Similar To United Arab Emirates - Statistics

General Stats
  • This quiz has been taken 115 times
  • The average score is 16 of 20
Answer Stats
Rank Country Score % Correct
1 Qatar 86.6
96%
5 Saudi Arabia 77.6
96%
4 Oman 79.6
94%
14 Iran 63.4
93%
8 Iraq 67.3
91%
2 Bahrain 81.1
90%
3 Kuwait 80.6
89%
12 Syria 64.3
87%
7 Egypt 67.8
86%
6 Jordan 72.1
83%
15 Morocco 62.4
83%
10 Algeria 65.1
80%
10 Lebanon 65.1
79%
19 Turkey 59.0
77%
13 Tunisia 63.5
76%
9 Libya 66.3
74%
19 Pakistan 59.0
68%
18 Israel 59.2
62%
16 Palestine 61.8
41%
17 Brunei 61.1
16%
No matching quizzes found
Score Distribution
Percent of People with Each Score
Percentile by Number Answered
Your Score History
You have not taken this quiz